[Event "Copenhagen Chess Challenge 2012"]
[Site "Ballerup"]
[Date "2012.??.??"]
[Round "3"]
[White "Kallenbach, Uffe"]
[Black "Jakobcic, Oliver"]
[Result "1-0"]
[WhiteElo "1643"]
[BlackElo "1855"]
[PlyCount "99"]
[EventDate "2012.??.??"]
[EventType "swiss"]
[EventRounds "9"]
[EventCountry "DEN"]

1. d4 Nf6 2. Nf3 g6 3. Bf4 Bg7 4. c3 O-O 5. Nbd2 d6 6. e4 c5 7. Bd3 cxd4 8.
cxd4 Nc6 9. O-O Nd7 10. Nb3 a5 11. d5 Nce5 12. Rb1 a4 13. Nbd4 Nxd3 14. Qxd3
Nc5 15. Qe3 Qa5 16. a3 Bd7 17. Rfe1 f6 18. Bh6 b5 19. Bxg7 Kxg7 20. Nc2 Rfc8
21. Nb4 Nb3 22. Nd2 Nxd2 23. Qxd2 Rc4 24. Rbc1 Rac8 25. Rxc4 Rxc4 26. f3 Qb6+
27. Qf2 Qc7 28. Qe3 g5 29. g3 Qc5 30. Qf2 Bh3 31. Nd3 Qc8 32. Nb4 Rc1 33. Nc6
Rxe1+ 34. Qxe1 Qb7 35. g4 Qb6+ 36. Qf2 Qxf2+ 37. Kxf2 h5 38. Kg3 hxg4 39. Nxe7
Bf1 40. Nf5+ Kf8 41. Kxg4 Ke8 42. Nxd6+ Kd7 43. Nf5 Bd3 44. h4 gxh4 45. Kxh4
Bc4 46. Kg4 Be2 47. Nd4 Bc4 48. Kf5 Ke7 49. Kg6 Kd6 50. Kxf6 1-0

[Event "Copenhagen Chess Challenge 2012"]
[Site "Ballerup"]
[Date "2012.??.??"]
[Round "3"]
[White "Schmidt, Horst Hubert"]
[Black "Einarsson, Oskar Long"]
[Result "1-0"]
[WhiteElo "1850"]
[BlackElo "1591"]
[PlyCount "77"]
[EventDate "2012.??.??"]
[EventType "swiss"]
[EventRounds "9"]
[EventCountry "DEN"]

1. e4 c5 2. Nc3 Nc6 3. g3 g6 4. Bg2 Bg7 5. Nge2 e6 6. O-O Nge7 7. d3 d5 8. exd5
exd5 9. h3 O-O 10. g4 b6 11. Ng3 Bb7 12. f4 d4 13. Nce4 f5 14. gxf5 Nxf5 15.
Nxf5 Rxf5 16. Ng5 Qd7 17. Be4 Rff8 18. c3 h6 19. Qb3+ Kh8 20. Qe6 Qxe6 21. Nxe6
Rf6 22. Nxg7 Kxg7 23. Bd2 Re8 24. b4 Re7 25. bxc5 bxc5 26. Rab1 Nd8 27. Bxb7
Rxb7 28. cxd4 cxd4 29. Kg2 Rfb6 30. Rxb6 Rxb6 31. Kf3 Rb2 32. Ba5 Nc6 33. Bc7
Rxa2 34. Ke4 Rc2 35. Be5+ Kf7 36. Bxd4 Re2+ 37. Be3 a5 38. d4 a4 39. d5 1-0

[Event "Copenhagen Chess Challenge 2012"]
[Site "Ballerup"]
[Date "2012.??.??"]
[Round "4"]
[White "Ziska, Helgi Dam"]
[Black "Pedersen, Nicolai Vesterbaek"]
[Result "1/2-1/2"]
[WhiteElo "2450"]
[BlackElo "2465"]
[PlyCount "50"]
[EventDate "2012.??.??"]
[EventType "swiss"]
[EventRounds "9"]
[EventCountry "DEN"]

1. e4 e5 2. Nf3 Nc6 3. Bc4 Bc5 4. c3 Nf6 5. d3 d6 6. Nbd2 O-O 7. Bb3 a6 8. Nf1
Be6 9. Ng3 h6 10. O-O d5 11. Qe2 dxe4 12. dxe4 Bxb3 13. axb3 Qd7 14. b4 Bb6 15.
h3 Rad8 16. Be3 Bxe3 17. Qxe3 Qd3 18. Qxd3 Rxd3 19. Rfd1 Rfd8 20. Rxd3 Rxd3 21.
Kf1 g6 22. Ke2 Rd8 23. Ne1 Ne8 24. Nf1 Nd6 25. Nd2 f5 1/2-1/2

[Event "Copenhagen Chess Challenge 2012"]
[Site "Ballerup"]
[Date "2012.??.??"]
[Round "4"]
[White "Bromann, Thorbjorn"]
[Black "Hector, Jonny"]
[Result "1/2-1/2"]
[WhiteElo "2411"]
[BlackElo "2560"]
[PlyCount "91"]
[EventDate "2012.??.??"]
[EventType "swiss"]
[EventRounds "9"]
[EventCountry "DEN"]

1. e4 e5 2. Nf3 Nc6 3. Nc3 Nf6 4. d4 exd4 5. Nxd4 Bb4 6. Nxc6 bxc6 7. Bd3 d5 8.
exd5 O-O 9. O-O cxd5 10. Bg5 c6 11. Qf3 Bd6 12. Rfe1 Rb8 13. Na4 h6 14. Bxf6
Qxf6 15. Qxf6 gxf6 16. Rad1 Be6 17. c3 Rfd8 18. Re2 Bg4 19. f3 Bd7 20. b3 a5
21. Bc2 c5 22. Rxd5 Bxa4 23. Red2 Be7 24. Rxd8+ Bxd8 25. bxa4 c4 26. Be4 Bb6+
27. Kf1 Bc7 28. Rd4 Bxh2 29. Rxc4 Rb2 30. Rc5 Bg3 31. Rxa5 Rf2+ 32. Kg1 Rxa2
33. Rb5 Rxa4 34. Kf1 Ra2 35. Rb1 Rf2+ 36. Kg1 Rd2 37. Kf1 h5 38. Rc1 Rf2+ 39.
Kg1 Ra2 40. Kf1 Kf8 41. Rc2 Ra5 42. c4 Re5 43. Re2 Ra5 44. Rc2 Re5 45. Re2 Ra5
46. Rc2 1/2-1/2

[Event "Copenhagen Chess Challenge 2012"]
[Site "Ballerup"]
[Date "2012.??.??"]
[Round "4"]
[White "Stefansson, Hannes"]
[Black "Teplyi, Igor"]
[Result "1-0"]
[WhiteElo "2516"]
[BlackElo "2388"]
[PlyCount "59"]
[EventDate "2012.??.??"]
[EventType "swiss"]
[EventRounds "9"]
[EventCountry "DEN"]

1. e4 c5 2. Nf3 d6 3. d4 cxd4 4. Nxd4 Nf6 5. Nc3 a6 6. Be2 e6 7. O-O Be7 8. f4
O-O 9. a4 Nc6 10. Be3 Qc7 11. Kh1 Re8 12. Bf3 Rb8 13. Qd2 Bd7 14. Qf2 b6 15.
Nb3 Bf8 16. g4 Bc8 17. g5 Nd7 18. Bg2 Nb4 19. Rac1 Bb7 20. Qh4 g6 21. Rf3 Bg7
22. Rh3 Nf8 23. Qf2 Ba8 24. Rf1 Nc6 25. f5 Ne5 26. Bd4 b5 27. axb5 axb5 28. f6
Bh8 29. Bxe5 dxe5 30. Nd1 1-0

[Event "Copenhagen Chess Challenge 2012"]
[Site "Ballerup"]
[Date "2012.??.??"]
[Round "4"]
[White "Brynell, Stellan"]
[Black "Fries Nielsen, Jens Ove"]
[Result "1/2-1/2"]
[WhiteElo "2489"]
[BlackElo "2363"]
[PlyCount "58"]
[EventDate "2012.??.??"]
[EventType "swiss"]
[EventRounds "9"]
[EventCountry "DEN"]

1. d4 c5 2. d5 g6 3. e4 d6 4. Nf3 Bg7 5. c4 e6 6. Nc3 Bxc3+ 7. bxc3 e5 8. Be2
h6 9. Nd2 Nd7 10. g3 Ne7 11. h4 f5 12. h5 g5 13. exf5 Nxf5 14. Qc2 Nf6 15. Bd3
Qd7 16. Ne4 O-O 17. Bd2 Nxe4 18. Bxe4 Qe8 19. O-O-O b5 20. Kb1 bxc4 21. Ka1 Rb8
22. Rb1 Rb6 23. Rhg1 Bd7 24. Rxb6 axb6 25. f4 g4 26. fxe5 Qxe5 27. Bf4 Qf6 28.
Qd2 Kg7 29. Rb1 Rb8 1/2-1/2

[Event "Copenhagen Chess Challenge 2012"]
[Site "Ballerup"]
[Date "2012.??.??"]
[Round "4"]
[White "Christensen, Tobias"]
[Black "Semcesen, Daniel"]
[Result "0-1"]
[WhiteElo "2363"]
[BlackElo "2461"]
[PlyCount "98"]
[EventDate "2012.??.??"]
[EventType "swiss"]
[EventRounds "9"]
[EventCountry "DEN"]

1. e4 e5 2. Nf3 Nc6 3. d4 exd4 4. Nxd4 Nf6 5. Nxc6 bxc6 6. e5 Qe7 7. Qe2 Nd5 8.
c4 Nb6 9. Nd2 g6 10. Ne4 Bg7 11. Nf6+ Kd8 12. Bf4 Nxc4 13. O-O-O Bxf6 14. exf6
Qxe2 15. Bxe2 Nb6 16. h4 Nd5 17. Bh6 d6 18. Bf3 Be6 19. Rhe1 Kd7 20. Bxd5 cxd5
21. Rd4 c5 22. Ra4 d4 23. Ra6 Rhb8 24. a3 Rb6 25. Rxb6 axb6 26. Kd2 Ra7 27. Bf8
Kc6 28. Be7 Kd5 29. f3 b5 30. g4 Ra8 31. Rh1 Ra4 32. h5 b4 33. hxg6 hxg6 34.
axb4 Rxb4 35. Kc2 c4 36. Ra1 d3+ 37. Kc1 Rb6 38. Bd8 Rb7 39. Ra6 Ke5 40. Be7
Rd7 41. Kd2 Kf4 42. Bxd6+ Kxf3 43. Be7 Bxg4 44. Rc6 Rd4 45. Rd6 Re4 46. b3 Re2+
47. Kc1 Rc2+ 48. Kb1 Bf5 49. bxc4 d2 0-1

[Event "Copenhagen Chess Challenge 2012"]
[Site "Ballerup"]
[Date "2012.??.??"]
[Round "4"]
[White "Andersen, Mads"]
[Black "Westerinen, Heikki"]
[Result "1-0"]
[WhiteElo "2431"]
[BlackElo "2335"]
[PlyCount "99"]
[EventDate "2012.??.??"]
[EventType "swiss"]
[EventRounds "9"]
[EventCountry "DEN"]

1. d4 Nf6 2. c4 g6 3. Nc3 Bg7 4. e4 d6 5. Be2 O-O 6. Nf3 Bg4 7. Be3 Nfd7 8. Rc1
e5 9. d5 a5 10. a3 Qe7 11. h3 Bxf3 12. Bxf3 f5 13. Qc2 f4 14. Bd2 h5 15. Nb5
Rc8 16. b4 axb4 17. axb4 c6 18. Nc3 c5 19. b5 Nf6 20. h4 Nbd7 21. g3 Bh6 22.
Ke2 Ng4 23. Rhg1 Rf8 24. Qd3 Kh7 25. Bxg4 hxg4 26. Kd1 fxg3 27. Qxg3 Bxd2 28.
Kxd2 Rf4 29. f3 Nb6 30. Ne2 Ra2+ 31. Ke1 Rxf3 32. Qxg4 Qf7 33. Qe6 Qxe6 34.
dxe6 Ra8 35. Nc3 Re8 36. Nd5 Nc8 37. Ke2 Rff8 38. Rcf1 Kh6 39. Rxf8 Rxf8 40.
Ra1 Re8 41. Ra8 Kg7 42. Nb6 Nxb6 43. Rxe8 Nxc4 44. e7 Kf7 45. Rg8 Kxe7 46. Rxg6
Kf7 47. h5 Na3 48. Rg3 Nxb5 49. h6 Nd4+ 50. Kd1 1-0

[Event "Copenhagen Chess Challenge 2012"]
[Site "Ballerup"]
[Date "2012.??.??"]
[Round "4"]
[White "Svane, Rasmus"]
[Black "Haubro, Sigfred"]
[Result "1-0"]
[WhiteElo "2390"]
[BlackElo "2135"]
[PlyCount "89"]
[EventDate "2012.??.??"]
[EventType "swiss"]
[EventRounds "9"]
[EventCountry "DEN"]

1. d4 d5 2. c4 e6 3. Nc3 f5 4. Bf4 c6 5. e3 Nf6 6. Bd3 Be7 7. Nf3 O-O 8. O-O
Qe8 9. Ne5 Nbd7 10. cxd5 Nxe5 11. d6 Ng6 12. dxe7 Qxe7 13. Bg3 e5 14. dxe5 Nxe5
15. Be2 Rd8 16. Qc2 Kh8 17. Rad1 Bd7 18. Rd2 g5 19. Rfd1 Ng6 20. Bd6 Qf7 21.
Bd3 Ne8 22. Bc5 Be6 23. Ne2 Rd5 24. Nd4 Ne5 25. Nxe6 Qxe6 26. Bxf5 Nf3+ 27.
gxf3 Rxf5 28. Rd7 b6 29. Re7 Qg6 30. Qc3+ Nf6 31. Bd4 c5 32. Bxf6+ Qxf6 33.
Qxf6+ Rxf6 34. Rdd7 h6 35. Kg2 a6 36. e4 c4 37. e5 Rg6 38. Kg3 b5 39. Kg4 Rc6
40. e6 b4 41. Rh7+ Kg8 42. Rdg7+ Kf8 43. e7+ Ke8 44. Rg8+ Kd7 45. e8=Q+ 1-0

[Event "Copenhagen Chess Challenge 2012"]
[Site "Ballerup"]
[Date "2012.??.??"]
[Round "4"]
[White "Jacobsen, Bo"]
[Black "Poulsen, Iver"]
[Result "1-0"]
[WhiteElo "2337"]
[BlackElo "2084"]
[PlyCount "55"]
[EventDate "2012.??.??"]
[EventType "swiss"]
[EventRounds "9"]
[EventCountry "DEN"]

1. c4 e6 2. g3 d5 3. Bg2 Nf6 4. Nf3 Be7 5. O-O O-O 6. d4 Ne4 7. Nfd2 Nc6 8.
Nxe4 dxe4 9. d5 Ne5 10. Qd4 Bf6 11. Qxe4 exd5 12. cxd5 Re8 13. Nc3 Nc6 14. Qd3
Nb4 15. Qc4 Nc2 16. Rb1 Nd4 17. e4 b5 18. Qd3 b4 19. Ne2 Nxe2+ 20. Qxe2 c6 21.
dxc6 Qa5 22. Rd1 Qxa2 23. Bf4 a5 24. e5 Bf5 25. Bd5 Qxb1 26. Rxb1 Bxb1 27. Qc4
Bxe5 28. Bxf7+ 1-0

[Event "Copenhagen Chess Challenge 2012"]
[Site "Ballerup"]
[Date "2012.??.??"]
[Round "4"]
[White "Fries Nielsen, Niels Jorgen"]
[Black "Rydstrom, Tom"]
[Result "1-0"]
[WhiteElo "2326"]
[BlackElo "2037"]
[PlyCount "122"]
[EventDate "2012.??.??"]
[EventType "swiss"]
[EventRounds "9"]
[EventCountry "DEN"]

1. d3 d5 2. g3 Nf6 3. Bg2 e6 4. Nf3 b6 5. c4 c6 6. O-O Bd6 7. Nc3 O-O 8. b3
Nbd7 9. Bb2 Bb7 10. e4 dxe4 11. dxe4 Ne5 12. Nd4 c5 13. Nc2 Be7 14. Qe2 a6 15.
Rfd1 Qc7 16. f4 Nc6 17. e5 Nd7 18. Ne4 Rfd8 19. Nd6 Nf8 20. Qg4 g6 21. Nxb7
Qxb7 22. Qf3 Rac8 23. Ne3 Rxd1+ 24. Rxd1 Qc7 25. Ng4 Nd4 26. Qb7 Qxb7 27. Bxb7
Rb8 28. Be4 Nf5 29. Nf6+ Kh8 30. Kf2 Rd8 31. Rxd8 Bxd8 32. g4 Ng7 33. Kf3 h6
34. Bb7 a5 35. h3 Nh7 36. Bc6 g5 37. Ke4 gxf4 38. Kxf4 Nf8 39. Ke4 h5 40. Bc1
hxg4 41. hxg4 Ng6 42. Bh6 Ne7 43. Bd7 Ng6 44. a3 Ne7 45. Bd2 Ng6 46. Bh6 Ne7
47. Bb5 Ng6 48. Bc6 Ne7 49. Bd7 Ng6 50. Bb5 Ne7 51. Bd2 Ng6 52. b4 axb4 53.
axb4 Bc7 54. bxc5 bxc5 55. Nd7 Kg8 56. Be3 Ne7 57. Bxc5 Ng6 58. Bb4 Ne8 59. Bd2
Ne7 60. Bg5 Ng6 61. c5 Nxe5 1-0

[Event "Copenhagen Chess Challenge 2012"]
[Site "Ballerup"]
[Date "2012.??.??"]
[Round "4"]
[White "Sylvan, Jacob"]
[Black "Ulrich, Thomas"]
[Result "1-0"]
[WhiteElo "2310"]
[BlackElo "1933"]
[PlyCount "113"]
[EventDate "2012.??.??"]
[EventType "swiss"]
[EventRounds "9"]
[EventCountry "DEN"]

1. d4 Nf6 2. c4 e6 3. g3 Bb4+ 4. Bd2 Be7 5. Bg2 d5 6. Nf3 c6 7. Qc2 Nbd7 8. O-O
b6 9. Rd1 Ba6 10. b3 O-O 11. Be1 Rc8 12. Nbd2 c5 13. Qb2 Bb7 14. Rac1 Rc7 15.
dxc5 Bxc5 16. b4 Bd6 17. Nd4 a6 18. cxd5 Rxc1 19. Rxc1 exd5 20. N2f3 Ne4 21.
Nf5 Ndf6 22. Bc3 Nxc3 23. Rxc3 Bb8 24. N3d4 g6 25. Nc6 Bxc6 26. Rxc6 d4 27.
Qxd4 Qxd4 28. Nxd4 Nd7 29. e3 Be5 30. Bf1 Ra8 31. f4 Bg7 32. Rc7 Nf6 33. Bc4
Rf8 34. Nf3 Ne8 35. Ra7 Nd6 36. Bd5 Bc3 37. a3 a5 38. Rd7 Nf5 39. bxa5 bxa5 40.
Ng5 Nh6 41. Kg2 Bf6 42. h4 Bd8 43. e4 Bb6 44. a4 Rc8 45. Nxf7 Rc2+ 46. Kh3 Nxf7
47. Rxf7 Kh8 48. Kg4 Rc7 49. Rxc7 Bxc7 50. h5 Kg7 51. hxg6 hxg6 52. e5 Bd8 53.
Kf3 Be7 54. g4 Bh4 55. f5 gxf5 56. gxf5 Be1 57. Ke4 1-0

[Event "Copenhagen Chess Challenge 2012"]
[Site "Ballerup"]
[Date "2012.??.??"]
[Round "4"]
[White "Brondt, Nicolai Kvist"]
[Black "Carstensen, Jacob"]
[Result "1/2-1/2"]
[WhiteElo "2138"]
[BlackElo "2305"]
[PlyCount "125"]
[EventDate "2012.??.??"]
[EventType "swiss"]
[EventRounds "9"]
[EventCountry "DEN"]

1. Nf3 Nf6 2. c4 e6 3. d4 d5 4. Bg5 c6 5. e3 Bb4+ 6. Nbd2 h6 7. Bxf6 Qxf6 8.
Bd3 Nd7 9. O-O Bxd2 10. Qxd2 dxc4 11. Bxc4 O-O 12. Qc3 b5 13. Be2 Bb7 14. a4
Rac8 15. a5 a6 16. Rac1 c5 17. dxc5 Nxc5 18. Qxf6 gxf6 19. Nd4 Na4 20. Rxc8
Rxc8 21. b4 Kf8 22. Bd1 Nb2 23. Be2 Na4 24. Bd1 Rc4 25. Bxa4 bxa4 26. Rb1 Be4
27. Ra1 Rxb4 28. Kf1 e5 29. Ne2 Rb1+ 30. Rxb1 Bxb1 31. Ke1 a3 32. Nc1 Be4 33.
Kd2 Bxg2 34. Kc3 Bd5 35. Nd3 Bc4 36. Nc5 a2 37. Kb2 Ke7 38. f4 Kd6 39. Ne4+ Ke6
40. f5+ Ke7 41. Nc5 h5 42. h4 Be2 43. Kxa2 Kd6 44. Ne4+ Kc6 45. Nxf6 Kb5 46.
Nd7 e4 47. Ne5 Bg4 48. Nxf7 Kc5 49. Nh6 Kd6 50. Kb3 Ke5 51. Ng8 Bd1+ 52. Kc3
Kxf5 53. Kd4 Bc2 54. Ne7+ Kg4 55. Ng6 Bd1 56. Nf4 Bf3 57. Ng6 Bd1 58. Nf4 Kf5
59. Nd5 Be2 60. Ne7+ Ke6 61. Nd5 Kf5 62. Ne7+ Ke6 63. Nd5 1/2-1/2

[Event "Copenhagen Chess Challenge 2012"]
[Site "Ballerup"]
[Date "2012.??.??"]
[Round "4"]
[White "Nielsen, Klaus"]
[Black "Hove, Esben Kjems"]
[Result "0-1"]
[WhiteElo "2092"]
[BlackElo "2247"]
[PlyCount "130"]
[EventDate "2012.??.??"]
[EventType "swiss"]
[EventRounds "9"]
[EventCountry "DEN"]

1. e4 c6 2. Nc3 d5 3. Nf3 dxe4 4. Nxe4 Nf6 5. Ng3 g6 6. d4 Bg7 7. c3 O-O 8. Bd3
Nbd7 9. O-O c5 10. h3 b6 11. Ne5 Bb7 12. Qe2 cxd4 13. cxd4 Nd5 14. Bd2 a6 15.
Rfe1 e6 16. Rad1 N7f6 17. a3 b5 18. Bg5 Ne7 19. Bb1 Bd5 20. Qe3 Ne8 21. Bh6 f6
22. Nd3 Rf7 23. Nc5 Bxh6 24. Qxh6 Ng7 25. Qf4 Nc6 26. Nge4 Qf8 27. Qd2 Nf5 28.
Qc3 Nd8 29. b4 Nd6 30. Qg3 Nc4 31. h4 Raa7 32. Rd3 Kh8 33. Rc3 Rg7 34. Qf4 Rgf7
35. Rg3 e5 36. dxe5 fxe5 37. Qg5 Rf5 38. Qg4 Rf4 39. Qd1 Bxe4 40. Nxe4 Rxh4 41.
Qd5 Nf7 42. Rf3 Qh6 43. Ng3 Qd2 44. Rd1 Qxd5 45. Rxd5 Kg7 46. Rc5 Nd2 47. Bd3
Nxf3+ 48. gxf3 Rd4 49. Be4 Rd1+ 50. Kg2 Ra1 51. Rc3 Nd6 52. Bd5 Nc4 53. a4 Nb6
54. Be6 Nxa4 55. Rc6 Rb1 56. Ne4 Rxb4 57. Nd6 Rd4 58. Ne8+ Kf8 59. Nf6 Nb2 60.
Ng4 Nd3 61. Bb3 a5 62. Rc8+ Ke7 63. Rh8 Kd6 64. Rc8 Rc7 65. Rb8 Kc5 0-1

[Event "Copenhagen Chess Challenge 2012"]
[Site "Ballerup"]
[Date "2012.??.??"]
[Round "4"]
[White "Tikkanen, Hans"]
[Black "Eriksson, Christian Altenburg"]
[Result "1-0"]
[WhiteElo "2566"]
[BlackElo "2149"]
[PlyCount "67"]
[EventDate "2012.??.??"]
[EventType "swiss"]
[EventRounds "9"]
[EventCountry "DEN"]

1. Nf3 c5 2. g3 g6 3. Bg2 Bg7 4. O-O Nc6 5. d3 d6 6. Nbd2 e5 7. e4 Nge7 8. c3
O-O 9. Re1 b5 10. a3 a5 11. b3 Ba6 12. Nf1 b4 13. cxb4 cxb4 14. Bb2 Qb6 15. Ne3
Rab8 16. Nc4 Bxc4 17. dxc4 bxa3 18. Bxa3 Nb4 19. Bc1 Nec6 20. Ra3 Rfe8 21. Bf1
Nd4 22. Nxd4 exd4 23. Bd3 Nxd3 24. Qxd3 Qb4 25. Rd1 f5 26. exf5 gxf5 27. Kg2
Re4 28. Qf3 Rf8 29. Rd3 d5 30. Ra4 Qc5 31. Ba3 Qc8 32. Bxf8 Bxf8 33. Rxa5 dxc4
34. bxc4 1-0

[Event "Copenhagen Chess Challenge 2012"]
[Site "Ballerup"]
[Date "2012.??.??"]
[Round "4"]
[White "Tandrup, Michael"]
[Black "Hagen, Andreas Skytte"]
[Result "0-1"]
[WhiteElo "1967"]
[BlackElo "2445"]
[PlyCount "80"]
[EventDate "2012.??.??"]
[EventType "swiss"]
[EventRounds "9"]
[EventCountry "DEN"]

1. c4 e6 2. g3 d5 3. d4 Nf6 4. Nf3 dxc4 5. Qa4+ c6 6. Qxc4 b5 7. Qc2 Bb7 8. Bg2
Nbd7 9. O-O Rc8 10. Nc3 b4 11. Na4 c5 12. dxc5 Nxc5 13. Nxc5 Bxc5 14. Qd1 Qb6
15. Ne5 Bxg2 16. Kxg2 O-O 17. e3 Rfd8 18. Qf3 Bd6 19. Ng4 Nxg4 20. Qxg4 Be5 21.
a3 b3 22. Rb1 Rc2 23. Rd1 Rdc8 24. Qf3 h6 25. e4 Bd4 26. Rxd4 Qxd4 27. Be3 Qe5
28. Rd1 Qf6 29. Qg4 a5 30. h4 e5 31. Rd5 a4 32. Ra5 Qe6 33. Qh5 Rxb2 34. Rxe5
Qg6 35. Qf3 Ra2 36. Bc5 b2 37. Qd3 Ra1 38. Qd7 Rb8 39. h5 Qf6 40. Bd4 Qxe5 0-1

[Event "Copenhagen Chess Challenge 2012"]
[Site "Ballerup"]
[Date "2012.??.??"]
[Round "4"]
[White "Percivaldi, Martin"]
[Black "Matthiesen, Martin"]
[Result "0-1"]
[WhiteElo "1938"]
[BlackElo "2310"]
[PlyCount "74"]
[EventDate "2012.??.??"]
[EventType "swiss"]
[EventRounds "9"]
[EventCountry "DEN"]

1. d4 Nf6 2. c4 g6 3. g3 Bg7 4. Bg2 O-O 5. Nc3 d6 6. Nf3 Nbd7 7. O-O e5 8. e4
c6 9. h3 Re8 10. Re1 exd4 11. Nxd4 Qb6 12. Nc2 Ne5 13. Ne3 Be6 14. Qe2 Nfd7 15.
Bf1 c5 16. Ned5 Qd8 17. Bf4 g5 18. Bxe5 Nxe5 19. Bg2 g4 20. h4 a6 21. Ne3 Nc6
22. Ncd5 Nd4 23. Qd1 b5 24. Nxg4 Bxg4 25. Qxg4 Nc2 26. e5 h5 27. Qxh5 Nxa1 28.
Rxa1 Rxe5 29. Qg4 Rb8 30. f4 Re8 31. h5 Kf8 32. f5 bxc4 33. Rf1 Bh6 34. f6 Re5
35. Qxc4 Qa5 36. Qd3 Rxh5 37. Qh7 Be3+ 0-1

[Event "Copenhagen Chess Challenge 2012"]
[Site "Ballerup"]
[Date "2012.??.??"]
[Round "4"]
[White "Kokholm, Daniel"]
[Black "Yildiz, Hasan"]
[Result "1-0"]
[WhiteElo "1925"]
[BlackElo "2032"]
[PlyCount "51"]
[EventDate "2012.??.??"]
[EventType "swiss"]
[EventRounds "9"]
[EventCountry "DEN"]

1. e4 d6 2. d4 Nf6 3. Nc3 g6 4. f3 Bg7 5. Be3 O-O 6. Qd2 Re8 7. Bh6 Bh8 8.
O-O-O c6 9. h4 Qa5 10. h5 Nxh5 11. Bc4 Ng3 12. Rh2 e5 13. d5 b5 14. Bb3 Qd8 15.
Qf2 b4 16. Nb1 Nh5 17. Rxh5 gxh5 18. Qg3+ Bg4 19. fxg4 h4 20. Qe1 Qf6 21. Qe3
c5 22. Nf3 Nd7 23. Rh1 Bg7 24. Bg5 Qg6 25. Nxh4 Bh6 26. Nxg6 1-0

[Event "Copenhagen Chess Challenge 2012"]
[Site "Ballerup"]
[Date "2012.??.??"]
[Round "4"]
[White "Maack, Kjartan"]
[Black "Petrovski, Petruli"]
[Result "1-0"]
[WhiteElo "2133"]
[BlackElo "1879"]
[PlyCount "47"]
[EventDate "2012.??.??"]
[EventType "swiss"]
[EventRounds "9"]
[EventCountry "DEN"]

1. c4 Nf6 2. g3 g6 3. Bg2 Bg7 4. Nc3 O-O 5. d4 d6 6. Nf3 c5 7. d5 e6 8. O-O
exd5 9. cxd5 a6 10. a4 Nbd7 11. e4 Re8 12. Nd2 Rb8 13. Nc4 Nb6 14. Na3 Nxa4 15.
Qxa4 b5 16. Qb3 b4 17. Nc4 bxc3 18. Qxb8 Nxe4 19. Bxe4 Rxe4 20. Nxd6 Rb4 21.
Qxc8 Qxc8 22. Nxc8 cxb2 23. Bxb2 Rxb2 24. d6 1-0

[Event "Copenhagen Chess Challenge 2012"]
[Site "Ballerup"]
[Date "2012.??.??"]
[Round "4"]
[White "Skovgaard, Ib"]
[Black "Schmidt, Horst Hubert"]
[Result "0-1"]
[WhiteElo "2035"]
[BlackElo "1850"]
[PlyCount "76"]
[EventDate "2012.??.??"]
[EventType "swiss"]
[EventRounds "9"]
[EventCountry "DEN"]

1. e4 e6 2. d4 d5 3. Nd2 Nf6 4. e5 Nfd7 5. Bd3 c5 6. c3 Nc6 7. Ndf3 cxd4 8.
cxd4 Bb4+ 9. Bd2 Qb6 10. Ne2 Nf8 11. O-O Bxd2 12. Qxd2 Bd7 13. Rfc1 Ng6 14. Rc3
a6 15. Rac1 Rc8 16. Ng5 O-O 17. h4 h6 18. Nf3 Rfd8 19. h5 Nf8 20. Bb1 Nb4 21.
a3 Rxc3 22. Nxc3 Nc6 23. Na4 Qa5 24. Nc3 b5 25. g4 Qb6 26. g5 hxg5 27. Qxg5
Nxd4 28. Nxd4 Qxd4 29. Qxd8 Qg4+ 30. Kf1 Qxh5 31. Ne2 b4 32. a4 Bxa4 33. Rc8
Qh1+ 34. Ng1 Bb5+ 35. Ke1 Qxg1+ 36. Kd2 Qxf2+ 37. Kc1 Qe3+ 38. Kc2 b3+ 0-1

[Event "Copenhagen Chess Challenge 2012"]
[Site "Ballerup"]
[Date "2012.??.??"]
[Round "4"]
[White "Andersen, Daniel"]
[Black "Jorgensen, Carina Eilegaard"]
[Result "1-0"]
[WhiteElo "1895"]
[BlackElo "2028"]
[PlyCount "79"]
[EventDate "2012.??.??"]
[EventType "swiss"]
[EventRounds "9"]
[EventCountry "DEN"]

1. c4 Nf6 2. Nc3 e6 3. d4 b6 4. e4 Bb4 5. Bd3 Bb7 6. f3 h6 7. Nge2 O-O 8. Be3
d6 9. a3 Bxc3+ 10. Nxc3 e5 11. d5 a5 12. Qd2 Nbd7 13. g4 Nc5 14. Bc2 Nh7 15. h4
f6 16. b3 Ba6 17. a4 Qe7 18. Ne2 Bc8 19. O-O-O Kf7 20. Ng3 Ke8 21. Nf5 Bxf5 22.
gxf5 Kf7 23. Rdg1 Rh8 24. Rg3 Rag8 25. Rhg1 Kf8 26. Bxh6 Ng5 27. hxg5 gxh6 28.
gxh6 Rxg3 29. Rxg3 Rg8 30. Rg6 Nd7 31. Qh2 Qh7 32. Qh5 Ke7 33. Qg4 Rxg6 34.
Qxg6 Qxg6 35. fxg6 Kf8 36. Bd1 Kg8 37. f4 exf4 38. Bg4 f5 39. Bxf5 Nf6 40. Kd2
1-0

[Event "Copenhagen Chess Challenge 2012"]
[Site "Ballerup"]
[Date "2012.??.??"]
[Round "4"]
[White "Pallesen, Jacob"]
[Black "Kallenbach, Uffe"]
[Result "1-0"]
[WhiteElo "1985"]
[BlackElo "1643"]
[PlyCount "55"]
[EventDate "2012.??.??"]
[EventType "swiss"]
[EventRounds "9"]
[EventCountry "DEN"]

1. d4 Nf6 2. c4 e6 3. Nc3 d5 4. Bg5 Be7 5. e3 Nbd7 6. cxd5 exd5 7. Bd3 O-O 8.
Nge2 c6 9. O-O Re8 10. Qc2 Nf8 11. a3 Ne4 12. Bf4 f5 13. f3 Nxc3 14. bxc3 g6
15. e4 fxe4 16. fxe4 dxe4 17. Bxe4 Bd6 18. Rf2 Bg4 19. Raf1 Qe7 20. Ng3 Bxf4
21. Rxf4 Be6 22. Bd3 Qxa3 23. Ne4 Nd7 24. Ng5 Qa2 25. Bxg6 Qxc2 26. Bxc2 h6 27.
Nxe6 Rxe6 28. Bb3 1-0

[Event "Copenhagen Chess Challenge 2012"]
[Site "Ballerup"]
[Date "2012.??.??"]
[Round "4"]
[White "Leosson, Atli Johann"]
[Black "Wilbrandt, Simon Pil"]
[Result "0-1"]
[WhiteElo "1715"]
[BlackElo "1949"]
[PlyCount "122"]
[EventDate "2012.??.??"]
[EventType "swiss"]
[EventRounds "9"]
[EventCountry "DEN"]

1. e4 c5 2. Nf3 Nc6 3. d4 cxd4 4. Nxd4 e5 5. Nb3 Nf6 6. Nc3 Bb4 7. Bd3 d5 8.
exd5 Nxd5 9. Bd2 Nxc3 10. bxc3 Be7 11. O-O O-O 12. Re1 Qc7 13. Re3 g6 14. Rg3
Bh4 15. Re3 Ne7 16. Qe2 Bf6 17. Re1 Be6 18. Qf3 Bg7 19. Be4 Rad8 20. Bc1 Rd7
21. Bd3 Qc6 22. Qxc6 Nxc6 23. Nc5 Re7 24. Nxe6 Rxe6 25. Bc4 Rf6 26. Ba3 Rc8 27.
Bd5 Bf8 28. Bxf8 Kxf8 29. Bb3 Rd6 30. Rd3 Rdd8 31. Red1 Ke7 32. f3 f6 33. Kf2
Nb8 34. Rxd8 Rxd8 35. Rxd8 Kxd8 36. Bg8 Ke7 37. h4 h6 38. Ke3 Nc6 39. g4 Kd6
40. Ke4 Ne7 41. Bc4 f5+ 42. Ke3 Kc5 43. Bf7 b6 44. Kd3 a5 45. Be6 Kd6 46. Bf7
Nd5 47. g5 hxg5 48. hxg5 Kc5 49. Kd2 Nf4 50. Ke3 Kd6 51. Kf2 Ke7 52. Bc4 Nh3+
53. Kg3 Nxg5 54. Bd5 Ne6 55. Kh4 Kf6 56. Kg3 Nf4 57. Bc4 Ne6 58. Bb5 Nc5 59.
Kf2 e4 60. Ke3 exf3 61. Kxf3 Ke5 0-1

[Event "Copenhagen Chess Challenge 2012"]
[Site "Ballerup"]
[Date "2012.??.??"]
[Round "4"]
[White "Nielsen, Thomas (1994)"]
[Black "Hansen, Rasmus Agertoft"]
[Result "0-1"]
[WhiteElo "1616"]
[BlackElo "1923"]
[PlyCount "62"]
[EventDate "2012.??.??"]
[EventType "swiss"]
[EventRounds "9"]
[EventCountry "DEN"]

1. d4 d5 2. c4 c6 3. e3 Nf6 4. Nc3 e6 5. Bd2 Be7 6. Nf3 Nbd7 7. Rc1 O-O 8. Bd3
dxc4 9. Bxc4 b5 10. Bd3 Bb7 11. O-O a6 12. Bb1 c5 13. Ne5 b4 14. Nxd7 Qxd7 15.
Ne2 c4 16. Rxc4 Qd5 17. Nf4 Qxc4 18. b3 Qc6 19. Re1 g5 20. d5 exd5 21. Nh5 Nxh5
22. Qxh5 f5 23. Rc1 Qd6 24. g4 d4 25. exd4 Qd5 26. Kf1 Qh1+ 27. Ke2 Bf3+ 28.
Ke3 f4+ 29. Kd3 Be4+ 30. Ke2 Qf3+ 31. Ke1 Bxb1 0-1